=LDR 00000nam 2200000 4500 =001 NUTBA000000000005890 =005 20141112132758.0 =006 =007 =008 =020 ##$$a 978.602.8551.42-7 =035 ##$$a 0010-111400000000369 =040 ##$$a NBPDMAT =082 ##$$a 612 =090 ##$$a 612 Ast a =100 ##$$a Astri Pratiwi Poerba =245 ##$$a Alat indraku$cAstri Pratiwi Poerba =260 ##$$a Jakarta$bBuana Cipta Pustaka$c2009 =300 ##$$a 47 hlm$bilus$c24 cm =650 ##$$a Pancaindra =850 ##$$a NBPDMAT